Backpacking Medan, Berastagi & Toba / (Record no. 195986)

MARC details
000 -LEADER
fixed length control field 01000nam a2200289 i 4500
003 - CONTROL NUMBER IDENTIFIER
control field Ost
005 - DATE AND TIME OF LATEST TRANSACTION
control field 20240606130049.0
008 - FIXED-LENGTH DATA ELEMENTS--GENERAL INFORMATION
fixed length control field 240606t20132013io ab f | 000 0 ind d
020 ## - INTERNATIONAL STANDARD BOOK NUMBER
International Standard Book Number 9786020213231
Qualifying information paperback
040 ## - CATALOGING SOURCE
Original cataloging agency PPAK
Language of cataloging eng
Transcribing agency PPAK
Description conventions rda
082 04 - DEWEY DECIMAL CLASSIFICATION NUMBER
Edition number 23
Classification number 915.981
090 00 - LOCALLY ASSIGNED LC-TYPE CALL NUMBER (OCLC); LOCAL CALL NUMBER (RLIN)
Classification number (OCLC) (R) ; Classification number, CALL (RLIN) (NR) 915.981
Feature heading PIL
Feature heading KZR
100 1# - MAIN ENTRY--PERSONAL NAME
Personal name Pilliangsani, Hiqmad Muharman,
Dates associated with a name 1974-
Relator term author.
245 10 - TITLE STATEMENT
Title Backpacking Medan, Berastagi & Toba /
Statement of responsibility, etc. HIQMAD M. PILLIANGSANI
264 #1 - PRODUCTION, PUBLICATION, DISTRIBUTION, MANUFACTURE, AND COPYRIGHT NOTICE
Place of production, publication, distribution, manufacture Jakarta :
Name of producer, publisher, distributor, manufacturer PT Elex Media Komputindo,
Date of production, publication, distribution, manufacture, or copyright notice [2013]
Date of production, publication, distribution, manufacture, or copyright notice ©2013
300 ## - PHYSICAL DESCRIPTION
Extent 270 pages :
Other physical details illustrations, maps ;
Dimensions 18 cm
336 ## - CONTENT TYPE
Content type term text
Source rdacontent
337 ## - MEDIA TYPE
Media type term unmediated
Source rdamedia
338 ## - CARRIER TYPE
Carrier type term volume
Source rdacarrier
546 ## - LANGUAGE NOTE
Language note In Indonesian
600 10 - SUBJECT ADDED ENTRY--PERSONAL NAME
Personal name Pilliangsani, Hiqmad Muharman,
Dates associated with a name 1974-
Form subdivision Anecdotes
650 10 - SUBJECT ADDED ENTRY--TOPICAL TERM
Topical term or geographic name entry element Travelers' writings, Indonesia
Form subdivision Anecdotes
Topical term or geographic name entry element Travel writing
Form subdivision Anecdotes
651 #0 - SUBJECT ADDED ENTRY--GEOGRAPHIC NAME
Geographic name Sumatera Utara (Indonesia)
Form subdivision Description and travel
942 ## - ADDED ENTRY ELEMENTS (KOHA)
Source of classification or shelving scheme Dewey Decimal Classification
Koha item type Book
Holdings
Withdrawn Not for loan Current library Shelving location Date acquired Total Checkouts Full call number Barcode Date last seen Koha item type
  Not For Loan Perpustakaan Alor Setar Koleksi Zahidi Zainol Rashid 14/08/2024   KZR 915.981 PIL A00367467 14/08/2024 Book